Strojárska ročenka 1986

Saved in:
Bibliographic Details
Format: Book
Language:Slovak
Published: Bratislava Alfa 1985
Edition:1. vyd.
Series:Edícia strojárskej literatúry
Tags: Add Tag
No Tags, Be the first to tag this record!

MARC

LEADER 00000nam a2200000 4500
001 c104917
005 20221128074006.3
041 0 |a slo 
044 |a SK 
245 1 0 |a Strojárska ročenka 1986 
250 |a 1. vyd. 
264 1 |a Bratislava  |b Alfa  |c 1985 
300 |a 321 s. 
490 1 |a Edícia strojárskej literatúry 
830 0 |a Edícia strojárskej literatúry